000 00362nam a2200157Ia 4500
008 230917s9999||||xx |||||||||||||| ||und||
040 _e114962
_aMAIN
041 _aEnglish
082 _a620.11 B391S
100 _aBedi, D S
245 0 _aStrenth of materials
250 _a3rd ed.
260 _aDelhi
_bKhanna Book
_c2000
300 _a541 p.
942 _cBK
999 _c141558
_d141558